Library Banner

Nutrition education : (Record no. 139982)

MARC details
000 -LEADER
fixed length control field 00566nam a22001817a 4500
005 - DATE AND TIME OF LATEST TRANSACTION
control field 20260305104323.0
008 - FIXED-LENGTH DATA ELEMENTS--GENERAL INFORMATION
fixed length control field 260305b |||||||| |||| 00| 0 eng d
020 ## - INTERNATIONAL STANDARD BOOK NUMBER
International Standard Book Number 9781284299489 (pbk)
040 ## - CATALOGING SOURCE
Transcribing agency PK-LaUMT
082 ## - DEWEY DECIMAL CLASSIFICATION NUMBER
Classification number 613.2
Item number CON-N
100 ## - MAIN ENTRY--PERSONAL NAME
Personal name Contento, Isobel R.
245 ## - TITLE STATEMENT
Title Nutrition education :
Remainder of title linking research, theory, and practice /
Statement of responsibility, etc by Isobel R. Contento and Pamela A. Koch
250 ## - EDITION STATEMENT
Edition statement 5th ed.
260 ## - PUBLICATION, DISTRIBUTION, ETC. (IMPRINT)
Place of publication, distribution, etc Burlington :
Name of publisher, distributor, etc Jones and Bartlett Learning,
Date of publication, distribution, etc 2026
300 ## - PHYSICAL DESCRIPTION
Extent 696 p.
650 ## - SUBJECT ADDED ENTRY--TOPICAL TERM
Topical term or geographic name as entry element Dietetics-Education
942 ## - ADDED ENTRY ELEMENTS (KOHA)
Koha item type Books
Holdings
Withdrawn status Lost status Damaged status Home library Current library Date acquired Full call number Barcode Date last seen Price effective from Koha item type
      UMT Health Sciences Campus UMT Health Sciences Campus 2026-03-05 613.2 CON-N 152110 2026-03-05 2026-03-05 Books